| 000 | 01089cam a2200325 a 4500 | ||
|---|---|---|---|
| 001 | 2555 | ||
| 005 | 20231215131239.0 | ||
| 020 | _a0805052542 (alk. paper) | ||
| 040 |
_aDLC _cDLC _dDLC _beng |
||
| 050 | 0 | 0 |
_aPZ7.T211135 _bTr 1997 |
| 082 | 0 | 0 |
_a813.54 _221 |
| 100 | 1 | _aTashjian, Janet | |
| 245 | 1 | 0 |
_aTru confessions / _cJanet Tashjian |
| 250 | _aFirst Scholastic printing, March 1999 | ||
| 260 |
_aNew York : _bScholastic, _c1997 |
||
| 300 |
_a169 pages : _billustrations ; _c21 cm |
||
| 490 | _3 | ||
| 505 | _aT | ||
| 520 | _aComputer-literate, twelve-year-old Tru keeps an electronic diary where she documents her desire to cure her handicapped twin brother and her plan to create a television show. | ||
| 521 |
_a840 _bLexile |
||
| 521 |
_aT _bRaz-Plus |
||
| 650 | 1 |
_aDiaries _xFiction. |
|
| 650 | 1 |
_aPeople with disabilities _vFiction. |
|
| 650 | 1 |
_aPeople with mental disabilities _vFiction. |
|
| 650 | 1 |
_aTwins _xFiction. |
|
| 650 | 1 |
_aSiblings _xFiction. |
|
| 650 | 1 |
_aComputers _xFiction. |
|
| 906 |
_a7 _bcbc _corignew _d1 _eocip _f19 _gy-gencatlg |
||
| 942 |
_2ddc _cBK _n0 |
||
| 999 |
_c2555 _d2555 |
||